000 00391nam a2200169Ia 4500
003 IT-RoPAU
008 120407s9999 xx 000 0 und d
040 _aIT-RoPAU
040 _cIT-RoPAU
245 _aAprite le porte al Redentore. Il Giubileo della Redenzione 1983-84
245 _cAA.VV.
260 _aEdizioni Paoline
300 _c cm
490 _v1
942 _cBK
999 _c3283
_d3283